000089021 001__ 89021
000089021 005__ 20200514105021.0
000089021 037__ $$aTAZ-TFG-2019-596
000089021 041__ $$aspa
000089021 1001_ $$aJiménez Herrera, Carla
000089021 24200 $$aHealth education program focused on the prevention and early detection of bullying in secondary school children aimed at teachers in a school in Zaragoza.
000089021 24500 $$aPrograma de educación para la salud dirigido a profesores para la prevención y detección precoz del acoso escolar (bullying) en niños de la E.S.O. en un colegio de Zaragoza.
000089021 260__ $$aZaragoza$$bUniversidad de Zaragoza$$c2019
000089021 506__ $$aby-nc-sa$$bCreative Commons$$c3.0$$uhttp://creativecommons.org/licenses/by-nc-sa/3.0/
000089021 520__ $$aIntroducción: El acoso escolar es uno de los principales problemas que se dan actualmente en la sociedad educativa. Un porcentaje muy elevado de jóvenes sufre bullying anualmente, lo cual trae consigo unas consecuencias para la salud como pueden ser ansiedad, depresión, trastornos del apetito y sueño e incluso ideación y comportamiento suicida. Objetivo principal: El objetivo principal ha sido realizar un programa de educación para la salud de prevención y detección precoz del acoso escolar (bullying) por parte de los profesores. Metodología: Tras una amplia búsqueda bibliográfica en las principales bases de datos, buscadores y páginas web, se elaboró un programa de educación para la salud desde Atención Primaria, en el cual se realizaron una serie de sesiones en el salón de actos del colegio, dirigidas al profesorado de educación secundaria con los objetivos de prevenir la aparición de episodios intimidatorios mediante la realización de diferentes actividades, y tener la suficiente formación para saber manejar una situación de acoso escolar, ya que la prevalencia de este es cada vez mayor en las aulas. Conclusión principal: Al demostrar las graves consecuencias para la salud que tiene este tipo de intimidación, los profesionales de la educación deben saber cómo abordar el tema. Para ello, habrá sido necesario trabajar con los alumnos un ambiente de confianza en el aula en el que se favorezca la comunicación profesor-alumno y se trabaje la empatía y el respeto con todas las personas.<br />
000089021 521__ $$aGraduado en Enfermería
000089021 540__ $$aDerechos regulados por licencia Creative Commons
000089021 700__ $$aPérez Sanz, José Raúl$$edir.
000089021 7102_ $$aUniversidad de Zaragoza$$bFisiatría y Enfermería$$cEnfermería
000089021 8560_ $$f716624@celes.unizar.es
000089021 8564_ $$s1877811$$uhttps://zaguan.unizar.es/record/89021/files/TAZ-TFG-2019-596.pdf$$yMemoria (spa)
000089021 909CO $$ooai:zaguan.unizar.es:89021$$pdriver$$ptrabajos-fin-grado
000089021 950__ $$a
000089021 951__ $$adeposita:2020-05-13
000089021 980__ $$aTAZ$$bTFG$$cEUCS
000089021 999__ $$a20190518123115.CREATION_DATE